[Event "BL 1011 (Women)"]
[Site "Germany"]
[Date "2010.12.05"]
[Round "4.3"]
[White "Moser, Eva"]
[Black "Dolgova, Olga"]
[Result "1-0"]
[WhiteElo "2436"]
[BlackElo "2262"]
[PlyCount "53"]
[EventDate "2010.11.06"]
[EventType "team-tourn"]
[EventRounds "11"]
[EventCountry "GER"]
[SourceTitle "EXT 2012"]
[Source "ChessBase"]
[SourceDate "2011.11.24"]
[SourceVersion "1"]
[SourceVersionDate "2011.11.24"]
[SourceQuality "1"]
[WhiteTeam "Baden-Baden (W)"]
[BlackTeam "Hamburger SK (W)"]
[WhiteTeamCountry "GER"]
[BlackTeamCountry "GER"]

1. e4 c6 2. d4 d5 3. e5 c5 4. dxc5 e6 5. Be3 Nd7 6. Bb5 Qc7 7. Nf3 Bxc5 8. Bxc5
Qxc5 9. Nc3 Ne7 10. O-O O-O 11. Re1 a6 12. Bd3 h6 13. Ne2 b5 14. Ned4 Nb6 15.
c3 Nc4 16. Qe2 Bb7 17. Rac1 Rfc8 18. h4 b4 19. h5 bxc3 20. Rxc3 Qa5 21. Bb1 Nc6
22. Nb3 Qb6 23. Qc2 Kf8 24. Qh7 Nxb2 25. Nc5 Nb8 26. Rb3 Qxc5 27. Rxb7 1-0

[Event "BL 1011 (Women)"]
[Site "Germany"]
[Date "2010.12.04"]
[Round "3.3"]
[White "Melamed, Tatiana"]
[Black "Moser, Eva"]
[Result "0-1"]
[WhiteElo "2353"]
[BlackElo "2436"]
[PlyCount "114"]
[EventDate "2010.11.06"]
[EventType "team-tourn"]
[EventRounds "11"]
[EventCountry "GER"]
[SourceTitle "EXT 2012"]
[Source "ChessBase"]
[SourceDate "2011.11.24"]
[SourceVersion "1"]
[SourceVersionDate "2011.11.24"]
[SourceQuality "1"]
[WhiteTeam "Halle Volksbank (W)"]
[BlackTeam "Baden-Baden (W)"]
[WhiteTeamCountry "GER"]
[BlackTeamCountry "GER"]

1. e4 c5 2. Nf3 Nc6 3. c3 d5 4. exd5 Qxd5 5. d4 e6 6. Be2 Nf6 7. O-O Be7 8. Na3
O-O 9. Nb5 Qd8 10. dxc5 Bxc5 11. Bf4 Nd5 12. Bg3 a6 13. Nc7 Nxc7 14. Qxd8 Rxd8
15. Bxc7 Rd7 16. Bg3 Bd6 17. Bxd6 Rxd6 18. Rfd1 Rxd1+ 19. Rxd1 Kf8 20. Ng5 Ke7
21. Ne4 Rb8 22. Nd6 e5 23. Bf3 Be6 24. b3 Nd4 25. cxd4 Kxd6 26. Kf1 exd4 27.
Rxd4+ Kc5 28. Rh4 h6 29. Ke1 a5 30. Ra4 b6 31. Kd2 Rd8+ 32. Kc3 g5 33. Re4 b5
34. Re5+ Kb6 35. a3 Rc8+ 36. Kb2 Rc5 37. Re3 Bf5 38. Be4 Be6 39. Bd3 g4 40. f3
Rh5 41. fxg4 Rxh2 42. Rg3 Bd5 43. Bf1 b4 44. axb4 axb4 45. g5 h5 46. g6 fxg6
47. Rxg6+ Kc5 48. Rg5 h4 49. Kc1 Kd4 50. Kd1 Bxb3+ 51. Ke1 Bd5 52. Rg4+ Be4 53.
Rg8 h3 54. Rd8+ Ke3 55. gxh3 b3 56. Rb8 b2 57. Rb3+ Kf4 0-1

[Event "Olympiad Women-39"]
[Site "Khanty-Mansiysk"]
[Date "2010.10.03"]
[Round "11.24"]
[White "Boric, Elena"]
[Black "Moser, Eva"]
[Result "1-0"]
[WhiteElo "2286"]
[BlackElo "2436"]
[PlyCount "43"]
[EventDate "2010.09.21"]
[EventType "team-swiss"]
[EventRounds "11"]
[EventCountry "RUS"]
[SourceTitle "CBM 139"]
[Source "ChessBase"]
[SourceDate "2010.11.18"]
[SourceVersion "1"]
[SourceVersionDate "2010.11.18"]
[SourceQuality "1"]
[WhiteTeam "Bosnia&Hercegovina (W)"]
[BlackTeam "Austria (W)"]
[WhiteTeamCountry "BIH"]
[BlackTeamCountry "AUT"]

1. d4 e6 2. Nf3 f5 3. c4 Nf6 4. Nc3 Bb4 5. Qc2 O-O 6. Bd2 b6 7. e3 Bb7 8. Bd3
Qe8 9. O-O-O a5 10. a3 Bxc3 11. Bxc3 d5 12. cxd5 Bxd5 13. Nd2 Bxg2 14. Rhg1 Bb7
15. d5 Ba6 16. dxe6 Bxd3 17. Qxd3 Qxe6 18. Nf3 Ne8 19. Rxg7+ Nxg7 20. Rg1 Re8
21. Rxg7+ Kf8 22. Ng5 1-0

[Event "Olympiad Women-39"]
[Site "Khanty-Mansiysk"]
[Date "2010.09.29"]
[Round "8.26"]
[White "Rapport, Jovana"]
[Black "Moser, Eva"]
[Result "1-0"]
[WhiteElo "2319"]
[BlackElo "2436"]
[PlyCount "107"]
[EventDate "2010.09.21"]
[EventType "team-swiss"]
[EventRounds "11"]
[EventCountry "RUS"]
[SourceTitle "CBM 139"]
[Source "ChessBase"]
[SourceDate "2010.11.18"]
[SourceVersion "1"]
[SourceVersionDate "2010.11.18"]
[SourceQuality "1"]
[WhiteTeam "Montenegro (W)"]
[BlackTeam "Austria (W)"]
[WhiteTeamCountry "MNE"]
[BlackTeamCountry "AUT"]

1. d4 c5 2. d5 d6 3. c4 g6 4. e4 Bg7 5. Bd3 e6 6. h3 b5 7. dxe6 fxe6 8. cxb5
Ne7 9. Nf3 O-O 10. O-O a6 11. Nc3 axb5 12. Bxb5 Nbc6 13. Bg5 Nd4 14. Nxd4 cxd4
15. Ne2 e5 16. b4 Bb7 17. Bd3 d5 18. Ng3 Ra3 19. Bc1 Rc3 20. Bb2 Rc8 21. b5
dxe4 22. Nxe4 Nd5 23. g3 Nc3 24. Bxc3 dxc3 25. Bc2 Qa5 26. Nd6 Bf3 27. Qb1 Rcd8
28. Qb3+ Kh8 29. Nf7+ Rxf7 30. Qxf7 Be2 31. Rfe1 Bxb5 32. Rad1 Rf8 33. Qb7 Qxa2
34. Rc1 Qc4 35. Be4 Qc5 36. Re3 Bh6 37. Rcxc3 Bc4 38. Rf3 Rd8 39. Rf7 Kg8 40.
Rd7 Rf8 41. Bd5+ Bxd5 42. Rxc5 Bxb7 43. Rxb7 Re8 44. Rcc7 Bf8 45. Rxh7 e4 46.
Rhc7 e3 47. fxe3 Rxe3 48. Kf2 Re6 49. Kf3 Rf6+ 50. Kg4 Ra6 51. Rc8 Ra4+ 52. Kg5
Ra3 53. g4 Ra5+ 54. Kxg6 1-0

[Event "Olympiad Women-39"]
[Site "Khanty-Mansiysk"]
[Date "2010.09.28"]
[Round "7.29"]
[White "Moser, Eva"]
[Black "Petrenko, Svetlana"]
[Result "1-0"]
[WhiteElo "2436"]
[BlackElo "2263"]
[PlyCount "51"]
[EventDate "2010.09.21"]
[EventType "team-swiss"]
[EventRounds "11"]
[EventCountry "RUS"]
[SourceTitle "CBM 139"]
[Source "ChessBase"]
[SourceDate "2010.11.18"]
[SourceVersion "1"]
[SourceVersionDate "2010.11.18"]
[SourceQuality "1"]
[WhiteTeam "Austria (W)"]
[BlackTeam "Moldova (W)"]
[WhiteTeamCountry "AUT"]
[BlackTeamCountry "MDA"]

1. e4 c5 2. d3 g6 3. g3 Bg7 4. Bg2 Nc6 5. f4 d6 6. Nf3 e6 7. O-O Nge7 8. c3 d5
9. e5 O-O 10. Re1 b6 11. Be3 Ba6 12. Bf2 Qd7 13. Na3 Rfc8 14. Nc2 Nd8 15. d4 c4
16. g4 Rc7 17. Bh4 Bc8 18. Bf6 h6 19. Re3 b5 20. a3 a5 21. Qe1 Bf8 22. Ng5 Qe8
23. Rh3 Rb8 24. Qh4 h5 25. gxh5 Nf5 26. h6 1-0

[Event "Olympiad Women-39"]
[Site "Khanty-Mansiysk"]
[Date "2010.09.27"]
[Round "6.23"]
[White "Moser, Eva"]
[Black "Dembo, Yelena"]
[Result "0-1"]
[WhiteElo "2436"]
[BlackElo "2452"]
[PlyCount "80"]
[EventDate "2010.09.21"]
[EventType "team-swiss"]
[EventRounds "11"]
[EventCountry "RUS"]
[SourceTitle "CBM 139"]
[Source "ChessBase"]
[SourceDate "2010.11.18"]
[SourceVersion "1"]
[SourceVersionDate "2010.11.18"]
[SourceQuality "1"]
[WhiteTeam "Austria (W)"]
[BlackTeam "Greece (W)"]
[WhiteTeamCountry "AUT"]
[BlackTeamCountry "GRE"]

1. d4 Nf6 2. Nf3 g6 3. Nbd2 Bg7 4. e4 d6 5. Bd3 O-O 6. O-O c5 7. c3 cxd4 8.
cxd4 Nc6 9. Re1 d5 10. e5 Ne8 11. h3 Nc7 12. Nb3 b6 13. Be3 a5 14. Rc1 Bd7 15.
Qd2 Ne6 16. Na1 f5 17. exf6 exf6 18. Nc2 Qb8 19. h4 Qd6 20. h5 g5 21. Na3 Na7
22. Qc2 h6 23. Bh7+ Kh8 24. Bg6 b5 25. Qd2 b4 26. Nc2 Nc6 27. Red1 Ne7 28. Bd3
Be8 29. g4 f5 30. gxf5 Nxf5 31. Ne5 Bxh5 32. Be2 Be8 33. Bg4 Nh4 34. Ne1 Nf4
35. N1d3 h5 36. Nxf4 gxf4 37. Bxf4 hxg4 38. Qe3 Kg8 39. Qg3 Qf6 40. Rc7 Nf3+
0-1

[Event "Olympiad Women-39"]
[Site "Khanty-Mansiysk"]
[Date "2010.09.25"]
[Round "5.10"]
[White "Socko, Monika"]
[Black "Moser, Eva"]
[Result "1-0"]
[WhiteElo "2486"]
[BlackElo "2436"]
[PlyCount "85"]
[EventDate "2010.09.21"]
[EventType "team-swiss"]
[EventRounds "11"]
[EventCountry "RUS"]
[SourceTitle "CBM 139"]
[Source "ChessBase"]
[SourceDate "2010.11.18"]
[SourceVersion "1"]
[SourceVersionDate "2010.11.18"]
[SourceQuality "1"]
[WhiteTeam "Poland (W)"]
[BlackTeam "Austria (W)"]
[WhiteTeamCountry "POL"]
[BlackTeamCountry "AUT"]

1. d4 d5 2. c4 c6 3. e3 Bf5 4. Nc3 e6 5. Nf3 Nf6 6. Nh4 Bg6 7. Nxg6 hxg6 8. Bd2
Nbd7 9. g3 Bb4 10. Bd3 c5 11. cxd5 cxd4 12. exd4 Nxd5 13. Nxd5 Bxd2+ 14. Qxd2
exd5 15. Qe2+ Qe7 16. Rc1 Kd8 17. O-O Qxe2 18. Bxe2 Rc8 19. Rxc8+ Kxc8 20. Rc1+
Kd8 21. h4 Re8 22. Bf3 Nf6 23. Kg2 Kd7 24. g4 Kd6 25. g5 Nh5 26. Rc5 Nf4+ 27.
Kg3 b6 28. Rb5 Kc6 29. a4 a6 30. Rb3 Ne2+ 31. Bxe2 Rxe2 32. Re3 Rxb2 33. Re7 a5
34. Rxf7 b5 35. axb5+ Kb6 36. Rxg7 a4 37. Rxg6+ Kxb5 38. Rg8 a3 39. Ra8 a2 40.
g6 Kc4 41. g7 Rb1 42. Kg2 Rb8 43. Rxb8 1-0

[Event "Olympiad Women-39"]
[Site "Khanty-Mansiysk"]
[Date "2010.09.24"]
[Round "4.24"]
[White "Vargas, Gabriela"]
[Black "Moser, Eva"]
[Result "0-1"]
[WhiteElo "2085"]
[BlackElo "2436"]
[PlyCount "152"]
[EventDate "2010.09.21"]
[EventType "team-swiss"]
[EventRounds "11"]
[EventCountry "RUS"]
[SourceTitle "CBM 139"]
[Source "ChessBase"]
[SourceDate "2010.11.18"]
[SourceVersion "1"]
[SourceVersionDate "2010.11.18"]
[SourceQuality "1"]
[WhiteTeam "Paraguay (W)"]
[BlackTeam "Austria (W)"]
[WhiteTeamCountry "PAR"]
[BlackTeamCountry "AUT"]

1. d4 c5 2. d5 d6 3. e4 g6 4. Nf3 Bg7 5. Nc3 Nf6 6. Bb5+ Nbd7 7. a4 a6 8. Be2
b6 9. O-O O-O 10. h3 Ne8 11. Bf4 Nc7 12. Re1 Rb8 13. Bf1 b5 14. e5 dxe5 15.
Nxe5 Nxe5 16. Bxe5 Bxe5 17. Rxe5 b4 18. Na2 Qd6 19. Qe1 e6 20. dxe6 Bxe6 21.
Rd1 Qc6 22. Nc1 c4 23. Qe4 Qxe4 24. Rxe4 Rfd8 25. Red4 Rxd4 26. Rxd4 c3 27.
bxc3 bxc3 28. Ne2 Nd5 29. Rd3 Rb4 30. Nxc3 Nxc3 31. Rxc3 Rxa4 32. f3 a5 33. Bb5
Rb4 34. Bc6 Kf8 35. Ra3 Rb6 36. Be4 Rb5 37. Kf2 Ke7 38. Ke3 Kd6 39. Kd4 Rb4+
40. Ke3 Rb5 41. Kd4 Rb4+ 42. Ke3 f5 43. Bd3 f4+ 44. Kd2 a4 45. Kc1 Bd7 46. c3
Rb8 47. Bc2 Kc5 48. Ra2 Ra8 49. Ra3 Ra7 50. Kd2 Bb5 51. Bd1 g5 52. Ke1 Re7+ 53.
Kf2 Rd7 54. Ke1 h5 55. Ra2 Ra7 56. Ra3 h4 57. Kf2 Rd7 58. Ke1 Re7+ 59. Kf2 Ra7
60. Ke1 Bc6 61. Kf2 Kb5 62. Be2+ Ka5 63. Ke1 Rb7 64. Ra2 Rb1+ 65. Kf2 Rb3 66.
Ke1 Rxc3 67. Kd2 Rc5 68. Bd1 Bb5 69. Be2 Bxe2 70. Kxe2 Rd5 71. Ra1 Kb4 72. Rb1+
Kc3 73. Rb8 a3 74. Rb7 a2 75. Ra7 Rd2+ 76. Kf1 Rd1+ 0-1

[Event "Olympiad Women-39"]
[Site "Khanty-Mansiysk"]
[Date "2010.09.23"]
[Round "3.27"]
[White "Moser, Eva"]
[Black "Bakri, Alia Anin Azwa"]
[Result "1-0"]
[WhiteElo "2436"]
[BlackElo "1904"]
[PlyCount "59"]
[EventDate "2010.09.21"]
[EventType "team-swiss"]
[EventRounds "11"]
[EventCountry "RUS"]
[SourceTitle "CBM 139"]
[Source "ChessBase"]
[SourceDate "2010.11.18"]
[SourceVersion "1"]
[SourceVersionDate "2010.11.18"]
[SourceQuality "1"]
[WhiteTeam "Austria (W)"]
[BlackTeam "Malaysia (W)"]
[WhiteTeamCountry "AUT"]
[BlackTeamCountry "MAS"]

1. b3 d5 2. Bb2 e6 3. e3 Nf6 4. f4 Bd6 5. Nf3 O-O 6. Bd3 Nbd7 7. O-O Re8 8. Ne5
Bf8 9. Nc3 c6 10. Qf3 g6 11. Ne2 Bg7 12. g4 Nc5 13. Ng3 Nfe4 14. Bxe4 Nxe4 15.
Nxe4 dxe4 16. Qxe4 Qxd2 17. Rad1 Qa5 18. Nc4 Qc7 19. Bxg7 Kxg7 20. Nd6 Rf8 21.
Qe5+ Kg8 22. g5 b6 23. Qc3 Ba6 24. Rf2 Rad8 25. Rfd2 Rxd6 26. Rxd6 c5 27. Rd7
Qc6 28. Rd8 e5 29. Rxf8+ Kxf8 30. Qxe5 1-0

[Event "Graz (Women) 17th"]
[Site "Graz"]
[Date "2010.09.05"]
[Round "9"]
[White "Moser, Eva"]
[Black "Schneider, Veronika"]
[Result "1-0"]
[WhiteElo "2440"]
[BlackElo "2292"]
[PlyCount "65"]
[EventDate "2010.08.21"]
[EventType "tourn"]
[EventRounds "9"]
[EventCountry "AUT"]
[SourceTitle "CBM 138 Extra"]
[Source "ChessBase"]
[SourceDate "2010.10.29"]
[SourceVersion "1"]
[SourceVersionDate "2010.10.29"]
[SourceQuality "1"]

1. e4 c5 2. d3 Nc6 3. g3 g6 4. Bg2 Bg7 5. f4 d6 6. Nf3 e5 7. c3 Nge7 8. O-O O-O
9. Na3 exf4 10. Bxf4 Ne5 11. Qd2 N7c6 12. Nc2 Bg4 13. Nfe1 Qa5 14. Ne3 Be6 15.
Kh1 b5 16. N1c2 Rad8 17. Nd5 f5 18. Bg5 Rd7 19. Nf4 Bf7 20. exf5 gxf5 21. Ne3
h6 22. Bh4 b4 23. Nxf5 bxc3 24. bxc3 d5 25. Nxg7 Kxg7 26. Ne6+ Bxe6 27. Rxf8
Ng6 28. Rf6 Nd4 29. Raf1 Bf5 30. R6xf5 Nxf5 31. Rxf5 Nxh4 32. gxh4 d4 33. Be4
1-0

[Event "Graz (Women) 17th"]
[Site "Graz"]
[Date "2010.09.04"]
[Round "8"]
[White "Lujan, Carolina"]
[Black "Moser, Eva"]
[Result "1/2-1/2"]
[WhiteElo "2296"]
[BlackElo "2440"]
[PlyCount "22"]
[EventDate "2010.08.21"]
[EventType "tourn"]
[EventRounds "9"]
[EventCountry "AUT"]
[SourceTitle "CBM 138 Extra"]
[Source "ChessBase"]
[SourceDate "2010.10.29"]
[SourceVersion "1"]
[SourceVersionDate "2010.10.29"]
[SourceQuality "1"]

1. Nf3 Nf6 2. g3 g6 3. Bg2 Bg7 4. O-O O-O 5. d4 d5 6. c4 c6 7. cxd5 cxd5 8. Ne5
Ng4 9. Nf3 Nf6 10. Ne5 Ng4 11. Nf3 Nf6 1/2-1/2

[Event "Graz (Women) 17th"]
[Site "Graz"]
[Date "2010.09.03"]
[Round "7"]
[White "Moser, Eva"]
[Black "Cornette, Deimante"]
[Result "1/2-1/2"]
[WhiteElo "2440"]
[BlackElo "2333"]
[PlyCount "88"]
[EventDate "2010.08.21"]
[EventType "tourn"]
[EventRounds "9"]
[EventCountry "AUT"]
[SourceTitle "CBM 138 Extra"]
[Source "ChessBase"]
[SourceDate "2010.10.29"]
[SourceVersion "1"]
[SourceVersionDate "2010.10.29"]
[SourceQuality "1"]

1. g3 Nf6 2. Bg2 d5 3. Nf3 g6 4. c4 Bg7 5. cxd5 Nxd5 6. Nc3 O-O 7. O-O Nc6 8.
a3 e5 9. Nxe5 Nxc3 10. Nxc6 Nxe2+ 11. Qxe2 bxc6 12. Bxc6 Rb8 13. d4 Qxd4 14.
Rd1 Qf6 15. Qf3 Bf5 16. Be3 Qxb2 17. Bxa7 Rb3 18. Qd5 Be6 19. Qa5 Qe2 20. Re1
Qc4 21. Rac1 Bc3 22. Qa4 Qxa4 23. Bxa4 Rxa3 24. Bc5 Bxe1 25. Bxa3 Ra8 26. Rxe1
Rxa4 27. Bb2 c5 28. Bf6 Ra8 29. Rd1 c4 30. h4 h5 31. Rd8+ Rxd8 32. Bxd8 c3 33.
Bf6 c2 34. Bb2 f6 35. Bc1 Kf7 36. Kf1 Bg4 37. Ke1 Ke6 38. Kd2 Bf5 39. Bb2 g5
40. Ba1 Be4 41. Bb2 Bg6 42. Ba1 Be4 43. Bb2 Bg6 44. Ba1 Be4 1/2-1/2

[Event "Graz (Women) 17th"]
[Site "Graz"]
[Date "2010.09.02"]
[Round "6"]
[White "Limontaite, Simona"]
[Black "Moser, Eva"]
[Result "0-1"]
[WhiteElo "2230"]
[BlackElo "2440"]
[PlyCount "56"]
[EventDate "2010.08.21"]
[EventType "tourn"]
[EventRounds "9"]
[EventCountry "AUT"]
[SourceTitle "CBM 138 Extra"]
[Source "ChessBase"]
[SourceDate "2010.10.29"]
[SourceVersion "1"]
[SourceVersionDate "2010.10.29"]
[SourceQuality "1"]

1. d4 c5 2. d5 d6 3. c4 g6 4. Nc3 Bg7 5. Qc2 e6 6. Nf3 Ne7 7. e4 O-O 8. Bd3
exd5 9. cxd5 f5 10. O-O f4 11. Ne2 g5 12. Nxg5 Ng6 13. Nf3 Bg4 14. Kh1 Bxf3 15.
gxf3 Nd7 16. e5 Ndxe5 17. Be4 Qh4 18. Bd2 Qh5 19. Qb3 b5 20. Rg1 a5 21. Rg2 a4
22. Qc2 Nxf3 23. Bxg6 hxg6 24. Bxf4 Nh4 25. Rg3 Rae8 26. Be3 Qxd5+ 27. Kg1 Nf3+
28. Kf1 Rxe3 0-1

[Event "Graz (Women) 17th"]
[Site "Graz"]
[Date "2010.09.01"]
[Round "5"]
[White "Schink, Barbara"]
[Black "Moser, Eva"]
[Result "0-1"]
[WhiteElo "2052"]
[BlackElo "2440"]
[PlyCount "50"]
[EventDate "2010.08.21"]
[EventType "tourn"]
[EventRounds "9"]
[EventCountry "AUT"]
[SourceTitle "CBM 138 Extra"]
[Source "ChessBase"]
[SourceDate "2010.10.29"]
[SourceVersion "1"]
[SourceVersionDate "2010.10.29"]
[SourceQuality "1"]

1. e4 e6 2. d4 d5 3. Nc3 Bb4 4. e5 c5 5. a3 Bxc3+ 6. bxc3 Qa5 7. Bd2 Qa4 8. Qg4
Kf8 9. Ra2 b6 10. h4 Nc6 11. Nf3 Ba6 12. Bxa6 Qxa6 13. Qf4 Nge7 14. Rh3 h6 15.
h5 Kg8 16. g4 Rf8 17. g5 Nf5 18. gxh6 Rxh6 19. Qg4 Qc4 20. Rb2 cxd4 21. cxd4
Ncxd4 22. Nxd4 Nxd4 23. Rb4 Nxc2+ 24. Kd1 Nxb4 25. Qxc4 dxc4 0-1

[Event "Graz (Women) 17th"]
[Site "Graz"]
[Date "2010.08.31"]
[Round "4"]
[White "Moser, Eva"]
[Black "Exler, Veronika"]
[Result "1-0"]
[WhiteElo "2440"]
[BlackElo "2143"]
[PlyCount "119"]
[EventDate "2010.08.21"]
[EventType "tourn"]
[EventRounds "9"]
[EventCountry "AUT"]
[SourceTitle "CBM 138 Extra"]
[Source "ChessBase"]
[SourceDate "2010.10.29"]
[SourceVersion "1"]
[SourceVersionDate "2010.10.29"]
[SourceQuality "1"]

1. e4 c6 2. d4 d5 3. e5 Bf5 4. c4 e6 5. Nc3 Ne7 6. a3 dxc4 7. Bxc4 Nd7 8. Nge2
Nb6 9. Bb3 Bg6 10. Bg5 Qd7 11. O-O h6 12. Be3 Ned5 13. Qd2 Be7 14. Kh1 Rd8 15.
Ng3 Nxc3 16. bxc3 c5 17. a4 O-O 18. Rfd1 cxd4 19. Bxd4 Qc7 20. f4 Bc5 21. a5
Nd5 22. Bxc5 Qxc5 23. f5 Bh7 24. c4 Qe3 25. cxd5 Qxb3 26. d6 Bxf5 27. Nxf5 exf5
28. Rab1 Qe6 29. Rxb7 Qxe5 30. Rxa7 Rfe8 31. h3 Re6 32. d7 Qc5 33. Rb7 Ra6 34.
Rc1 Qf8 35. Rb6 Ra7 36. Rd6 Raa8 37. Re1 Kh7 38. a6 g6 39. Qd5 Ra7 40. Qd4 Raa8
41. Rf6 Kg8 42. Qd5 Kg7 43. Rd6 Kh7 44. Qc6 Kg7 45. Re3 Kh7 46. Kh2 Rab8 47.
Rd4 Ra8 48. Rd6 Rab8 49. Qd5 Ra8 50. Rf6 Kg7 51. Qe5 Kg8 52. Rd3 Ra7 53. Rfd6
Raa8 54. Qd5 Qg7 55. Rd1 Rab8 56. a7 Ra8 57. Qxa8 Qe5+ 58. Kh1 Rxa8 59. d8=Q+
Rxd8 60. Rxd8+ 1-0

[Event "Graz (Women) 17th"]
[Site "Graz"]
[Date "2010.08.30"]
[Round "3"]
[White "Kopinits, Anna Christina"]
[Black "Moser, Eva"]
[Result "1/2-1/2"]
[WhiteElo "2187"]
[BlackElo "2440"]
[PlyCount "104"]
[EventDate "2010.08.21"]
[EventType "tourn"]
[EventRounds "9"]
[EventCountry "AUT"]
[SourceTitle "CBM 138 Extra"]
[Source "ChessBase"]
[SourceDate "2010.10.29"]
[SourceVersion "1"]
[SourceVersionDate "2010.10.29"]
[SourceQuality "1"]

1. e4 e6 2. d4 d5 3. Nd2 Nf6 4. e5 Nfd7 5. f4 c5 6. c3 cxd4 7. cxd4 Nc6 8. Ndf3
f5 9. Bd3 Nb6 10. Ne2 Be7 11. O-O Bd7 12. a3 a5 13. Kh1 O-O 14. Rg1 Be8 15. h3
a4 16. Bd2 Nc4 17. Bxc4 dxc4 18. Be1 Bh5 19. d5 Bxf3 20. gxf3 Qxd5 21. Qxd5
exd5 22. Bf2 Rad8 23. Rgd1 Kf7 24. Rd2 Ke6 25. Rad1 Rd7 26. Nc3 d4 27. Bxd4
Rfd8 28. Be3 Rxd2 29. Rxd2 Rxd2 30. Bxd2 g5 31. fxg5 Nxe5 32. Kg2 Nd3 33. Nxa4
b5 34. Nc3 b4 35. axb4 Bxb4 36. Nb1 Bxd2 37. Nxd2 Nxb2 38. f4 c3 39. Nb3 Kd5
40. Kf3 Kc4 41. Nc1 Nd3 42. Ne2 Nc5 43. Ke3 Ne4 44. Nd4 Nf2 45. Nxf5 Nxh3 46.
Ng3 c2 47. Ne2 Kd5 48. Kd2 Ke4 49. Kxc2 Nxf4 50. Nxf4 Kxf4 51. Kd2 Kxg5 52. Ke2
Kg4 1/2-1/2

[Event "Graz (Women) 17th"]
[Site "Graz"]
[Date "2010.08.29"]
[Round "2"]
[White "Moser, Eva"]
[Black "Pertlova, Sona"]
[Result "1-0"]
[WhiteElo "2440"]
[BlackElo "2206"]
[PlyCount "255"]
[EventDate "2010.08.21"]
[EventType "tourn"]
[EventRounds "9"]
[EventCountry "AUT"]
[SourceTitle "CBM 138 Extra"]
[Source "ChessBase"]
[SourceDate "2010.10.29"]
[SourceVersion "1"]
[SourceVersionDate "2010.10.29"]
[SourceQuality "1"]

1. g3 c5 2. Bg2 Nc6 3. e4 g6 4. d3 Bg7 5. f4 e6 6. Nf3 Nge7 7. O-O O-O 8. c3 b6
9. a4 Bb7 10. Na3 d6 11. Be3 Qd7 12. Re1 Rfd8 13. Bf2 d5 14. Qc2 dxe4 15. dxe4
Qd3 16. Qxd3 Rxd3 17. Nc4 Rad8 18. a5 b5 19. a6 Ba8 20. Nce5 Nxe5 21. Nxe5 Bxe5
22. fxe5 Nc6 23. Bxc5 Rd2 24. b4 R8d3 25. Bd4 Nxd4 26. cxd4 Rxd4 27. Rac1 Kg7
28. Rc8 Rd8 29. Rec1 R2d4 30. Rxd8 Rxd8 31. Rc7 Rd4 32. Kf2 Rxb4 33. Ke3 Ra4
34. Rc8 Ra3+ 35. Kf4 Rxa6 36. Rxa8 Ra2 37. Bf3 a5 38. Ke3 a4 39. Bd1 Rxh2 40.
Rb8 Rg2 41. g4 Rg1 42. Kd2 h5 43. gxh5 gxh5 44. Bxh5 Rg5 45. Bf3 Rxe5 46. Kc3
Rg5 47. Be2 Kf6 48. Bxb5 a3 49. Bc4 Ra5 50. Ba2 Ke5 51. Kd3 f5 52. Rb6 fxe4+
53. Ke3 Kf5 54. Bxe6+ Ke5 55. Ba2 Ra4 56. Re6+ Kf5 57. Re8 Kg5 58. Re5+ Kf6 59.
Rb5 Kg6 60. Kf4 Kf6 61. Rb6+ Ke7 62. Ke3 Kd8 63. Rb7 Kc8 64. Rh7 Kb8 65. Kd2
Ra7 66. Rh8+ Kc7 67. Re8 Ra4 68. Kc3 Kd7 69. Re6 Ra8 70. Rxe4 Kd6 71. Re6+ Kd7
72. Rh6 Ra5 73. Kb4 Ra8 74. Rh2 Kd6 75. Re2 Ra7 76. Re6+ Kd7 77. Re2 Kd6 78.
Bb3 a2 79. Bxa2 Re7 80. Rh2 Ke5 81. Bc4 Rd7 82. Re2+ Kf4 83. Kc5 Ra7 84. Kd4
Ra4 85. Re4+ Kf5 86. Ke3 Ra1 87. Be6+ Kf6 88. Bg4 Kg5 89. Be2 Kf5 90. Re8 Re1
91. Kf3 Ra1 92. Bd3+ Kg5 93. Rf8 Ra5 94. Ke4 Ra4+ 95. Ke3 Ra3 96. Rf5+ Kg4 97.
Rf6 Kg5 98. Rg6+ Kh5 99. Rg1 Ra4 100. Be4 Kh6 101. Kf4 Ra6 102. Rh1+ Kg7 103.
Rh7+ Kf8 104. Ke5 Ra1 105. Bf5 Ra6 106. Be6 Ke8 107. Kf6 Kd8 108. Rd7+ Ke8 109.
Rc7 Rd6 110. Rc4 Rd2 111. Rc8+ Rd8 112. Rc2 Rd1 113. Rh2 Kd8 114. Rc2 Ke8 115.
Rc6 Rd2 116. Ra6 Kd8 117. Rc6 Ke8 118. Bg4 Rd3 119. Rc4 Rd6+ 120. Be6 Rd2 121.
Ke5 Ke7 122. Rc7+ Kd8 123. Rh7 Rd1 124. Bd5 Ke8 125. Kd6 Kf8 126. Rf7+ Ke8 127.
Rf2 Rd3 128. Rg2 1-0

[Event "AUT-ch (Women)"]
[Site "Vienna"]
[Date "2010.08.01"]
[Round "9"]
[White "Moser, Eva"]
[Black "Kessler, Michaela"]
[Result "1-0"]
[WhiteElo "2440"]
[BlackElo "2047"]
[PlyCount "95"]
[EventDate "2010.07.24"]
[EventType "swiss"]
[EventRounds "9"]
[EventCountry "AUT"]
[SourceTitle "CBM 137 Extra"]
[Source "ChessBase"]
[SourceDate "2010.09.01"]
[SourceVersion "1"]
[SourceVersionDate "2010.09.01"]
[SourceQuality "1"]

1. e4 c5 2. d3 Nc6 3. g3 g6 4. Bg2 Bg7 5. f4 e6 6. Nf3 Nge7 7. O-O O-O 8. c3 d6
9. Be3 Rb8 10. d4 cxd4 11. Nxd4 a6 12. Na3 Nxd4 13. Bxd4 e5 14. Ba7 Ra8 15. Be3
Qc7 16. Qd2 Be6 17. Rfd1 Rad8 18. Qf2 Rd7 19. Bb6 Qb8 20. Nc2 f5 21. exf5 Nxf5
22. Qe2 Re7 23. fxe5 dxe5 24. Bc5 Qc7 25. Bxe7 Qxe7 26. Kh1 Qc5 27. Qe4 Nh6 28.
Ne3 Nf7 29. Nd5 Bh6 30. Rf1 Rd8 31. Rad1 Kg7 32. Qb4 Qc8 33. Qe7 Kg8 34. Qf6
Bf8 35. Ne7+ Bxe7 36. Qxe7 Rxd1 37. Rxd1 Qc4 38. Qxb7 Qxa2 39. Rf1 Qc4 40. Rd1
Qe2 41. Ra1 Ng5 42. h4 Nh3 43. Rf1 Qg4 44. Qa8+ Bc8 45. Qd5+ Kg7 46. Qxe5+ Kh6
47. Qe3+ Kg7 48. Qd4+ 1-0

[Event "AUT-ch (Women)"]
[Site "Vienna"]
[Date "2010.07.29"]
[Round "6"]
[White "Moser, Eva"]
[Black "Mira, Helene"]
[Result "1-0"]
[WhiteElo "2440"]
[BlackElo "2133"]
[PlyCount "101"]
[EventDate "2010.07.24"]
[EventType "swiss"]
[EventRounds "9"]
[EventCountry "AUT"]
[SourceTitle "CBM 137 Extra"]
[Source "ChessBase"]
[SourceDate "2010.09.01"]
[SourceVersion "1"]
[SourceVersionDate "2010.09.01"]
[SourceQuality "1"]

1. e4 e5 2. Nf3 Nc6 3. d3 Nf6 4. Be2 d5 5. Nbd2 dxe4 6. dxe4 Bd6 7. c3 O-O 8.
O-O Ne7 9. Qc2 Ng6 10. Nc4 Qe7 11. Re1 c6 12. Nxd6 Qxd6 13. Bf1 Bg4 14. Nd2
Rad8 15. Nc4 Qe7 16. a4 b6 17. Ne3 Bc8 18. Nf5 Qc7 19. Bg5 Bxf5 20. exf5 Nf4
21. g3 N4d5 22. c4 Ne7 23. Qe2 Nxf5 24. Qxe5 Qxe5 25. Rxe5 Nd4 26. Bg2 Rfe8 27.
Rxe8+ Rxe8 28. Rd1 c5 29. Kf1 h6 30. Bxf6 gxf6 31. b4 Ne6 32. b5 Nd4 33. Bd5
Re5 34. Bb7 f5 35. Bd5 Kg7 36. Rd3 Kf6 37. Rd2 f4 38. gxf4 Rf5 39. Ra2 Rxf4 40.
a5 Kg7 41. axb6 axb6 42. Ra7 Rf6 43. Rb7 Nc2 44. Ke2 Nb4 45. Ke3 Kf8 46. Ke4
Rxf2 47. Rxb6 Rxh2 48. Ke5 Nd3+ 49. Kd6 Rf2 50. Rb8+ Kg7 51. b6 1-0